000 01146nam a22003377a 4500
003 CHAP
005 20220329140140.0
008 971013s1957 r 00010 d
010 _a47697
011 _a48669
035 _a52815
040 _cCHAP
090 _aTesis
100 0 0 _aPérez Rincón, Rubén.
_989968
245 _aTrabajos de invernadero y de campo con razas fisioloógicas individuales de Puccinia graminis Var. Tritici (Eriks y Henn)
260 _aChapingo, Méx. :
_bEl autor,
_c1957
300 _a91 h.
_b: ilus.
502 _aTesis (Ing. Agr. Esp. en Fitotecnia) -- ENA. Departamento de Fitotecnia
590 _aALEPH
_b10
_c20130110
_lUCH01
_h1318
590 _aBATCH-UPD
_b10
_c20130110
_lUCH01
_h1411
590 _aBATCH-UPD
_b10
_c20130410
_lUCH01
_h0857
590 _aBATCH-UPD
_b10
_c20130914
_lUCH01
_h1925
590 _aCONVERSION
_b10
_c20130109
_lUCH01
_h1326
650 1 4 _aPuccinia graminis.
_992822
650 1 4 _aRoya del trigo.
_9100390
650 1 4 _aTrigo
_xVariedades.
_9115119
901 _aBK
942 _cFOLL
949 _bBC
_cTES
_d-117412
_eTS1
_i52815
_si
949 _bBC
_cTES
_d-117413
_eTS2
_fc.2
_i52815
_si
999 _c47697
_d47697